Úloha verejnej podpory výskumu a vývoja v Slovenskej republike a krajinách V4

Teoretické východiská skúmanej problematiky. Úloha verejnej podpory výskumu a vývoja v procese tvorby, šírenia a uplatňovania inovácií v Slovenskej republike a v regióne Vyšehradskej skupiny (Česká republika, Maďarsko, Poľsko a SR – krajiny V4). Rozdelenie výdavkov na R&D medzi sektory ekonomík kraj...

Descrizione completa

Salvato in:
Dettagli Bibliografici
Autore principale: Adamovský, Peter, 1990-
Natura: Capitolo di libro
Lingua:slovacco
Soggetti:
Tags: Aggiungi Tag
Nessun Tag, puoi essere il primo ad aggiungerne!!

MARC

LEADER 00000nla a2200000 4500
001 0240438
005 20240712105846.1
041 0 |a slo 
044 |a SK 
245 1 0 |a Úloha verejnej podpory výskumu a vývoja v Slovenskej republike a krajinách V4  |c Peter Adamovský 
520 |a Teoretické východiská skúmanej problematiky. Úloha verejnej podpory výskumu a vývoja v procese tvorby, šírenia a uplatňovania inovácií v Slovenskej republike a v regióne Vyšehradskej skupiny (Česká republika, Maďarsko, Poľsko a SR – krajiny V4). Rozdelenie výdavkov na R&D medzi sektory ekonomík krajín V4, EÚ a USA v roku 2015. 
610 2 0 |a výskum 
610 2 0 |a vývoj 
610 2 0 |a financovanie 
610 2 0 |a financie verejné 
610 2 0 |a financovanie súkromné 
610 2 0 |a financovanie cudzie 
610 2 0 |a Vyšehradská štvorka 
610 2 0 |a modely regresné 
610 2 0 |a modelovanie 
100 1 |a Adamovský, Peter, 1990-